000 00472nam a22001577a 4500
020 _qHard Cover.
082 _a658
100 _aAhmad, Waqas
245 _aTerm of Trade and Exchange Rate Volatility:
_bPakistani Evidence
_cWaqas Ahmad.
260 _aIslamabad:
_bNBS - NUST,
_c2014.
300 _a28 p. :
_bill. ;
_c30cm.
650 _aMBA-Thesis.
_917629
700 _aSaadia Irfan.
_918211
942 _2ddc
_cTHE
999 _c532885
_d532885